| 000 | 00000nam 2200000za 4500 |
| 001 | 9.695309 |
| 003 | CaOODSP |
| 005 | 20240202110656 |
| 007 | cr ||||||||||| |
| 008 | 150407|1998||||xxc|||||o f|0| 0 eng d |
| 040 | |aCaOODSP|beng |
| 043 | |an-cn--- |
| 086 | 1 |aC89-4/76-1998E-PDF |
| 110 | 2 |aAtlantic Canada Opportunities Agency. |bEvaluation and Econometrics Division. |
| 245 | 10|aReport on client impact and satisfaction of Nova Scotia CBDCs |h[electronic resource] |
| 260 | |bAtlantic Canada Opportunities Agency. |cJanuary 1998. |
| 300 | |a25p.|btables |
| 590 | |a11-30-Supp|b2011-12-02 |
| 690 | 07|aBusinesses|2gcpds |
| 690 | 07|aAid programs|2gcpds |
| 690 | 07|aEntrepreneurship|2gcpds |
| 775 | 08|tRapport concernant les effets des CLDE de la Nouvelle-Écosse sur leurs clients et leur satisfaction |w(CaOODSP)9.639455 |
| 776 | 0#|tReport on client impact and satisfaction of Nova Scotia CBCD's / |w(CaOODSP)9.647857 |
| 856 | 40|ahttp://publications.gc.ca|qPDF|s77 KB|uhttps://publications.gc.ca/collections/Collection/C89-4-76-1998E.pdf |